000 01891cam a22004694i 4500
003 PE-LiUPU
005 20250731173436.0
008 150616s r 000 0 d
020 _a8422012677
035 _a(Sirsi) i9788422012672
040 _aPE-LiUPU
_bspa
_cPE-LiUPU
_erda
049 _aPRUA
082 0 4 _a235.2
_bG25
_221
100 1 _aGarcía-Villoslada, Ricardo,
_eautor.
245 1 0 _aSan Ignacio de Loyola; Nueva Biografía.
264 1 _aMadrid :
_bLa Editorial Católica,
_c1986.
300 _a1066 páginas ;
_c24 centímetros
336 _atext
_2rdacontent
337 _aunmediated
_2rdamedia
338 _avolume
_2rdacarrier
500 _aIncluye índice de personas y lugares.
505 0 _aLa noble estirpe de los Oñaz y Loyola -- En el hogar paterno -- La conversión a Dios en Loyola -- El penitente de Manresa -- Peregrinación a Tierra Santa -- La fundación de la compañía de Jesús -- Un día cualquiera en al vida romana del Santo -- Por la reconstrucción católica de Alemania -- Entre los Tupíes y Tamoyos del Brasil -- Los últimos destellos -- "El padre Ignacio es un gran Santo".
526 _aSEG42
526 _aSEG41
526 _aSEG40
526 _aSEG39
526 _aP94
526 _aP87
526 _aP86
526 _aP85
526 _aP77
526 _aP76
526 _aP35
650 0 4 _aLOYOLA IGNACIO DE, SANTO - BIOGRAFIA.
910 _ajck
_bjvq
_cjck
942 _2ddc
_cBOOK
949 _a235.2 G25
_wDEWEY
_c1
_i39529
_lCCODEBUL1
_mBUL
_r0
_sY
_tBOOK
_u2015-6-16
_xTEOLOGIA
_zUNKNOWN
_0COMPRA
_o.STAFF. Colección General
994 _aC0
_bPEPRU
596 _a1
999 _a235.2 G25
_wDEWEY
_c56572
_i39529
_d56572
_f2021-11-10
_g5
_lCCODEBUL1
_mBUL
_q2
_r0
_sY
_tBOOK
_u2015-6-16
_xTEOLOGIA
_zUNKNOWN
_0COMPRA
_o.STAFF. Colección General
980 _81
_gALBERTO SANCHEZ Responsable de Automatización